000
00305nam a22001457a 4500
008
210322b ||||| |||| 00| 0 eng d
020
_a
0395170931
041
_a
eng
080
_a
510
082
_a
510
100
_a
36
101
_a
MAT
245
_a
Elementary Functions
_c
Yaqub, A
942
_2
udc
_c
BK
999
_c
56629
_d
56629